<?xml version="1.0" encoding="UTF-8"?><?xml-stylesheet type="text/xsl" href="static/style.xsl"?><OAI-PMH xmlns="http://www.openarchives.org/OAI/2.0/" xmlns:xsi="http://www.w3.org/2001/XMLSchema-instance" xsi:schemaLocation="http://www.openarchives.org/OAI/2.0/ http://www.openarchives.org/OAI/2.0/OAI-PMH.xsd"><responseDate>2026-04-17T16:07:25Z</responseDate><request verb="GetRecord" identifier="oai:www.recercat.cat:10256/22120" metadataPrefix="marc">https://recercat.cat/oai/request</request><GetRecord><record><header><identifier>oai:recercat.cat:10256/22120</identifier><datestamp>2024-06-18T11:14:06Z</datestamp><setSpec>com_2072_452955</setSpec><setSpec>com_2072_2054</setSpec><setSpec>col_2072_452964</setSpec></header><metadata><record xmlns="http://www.loc.gov/MARC21/slim" xmlns:dcterms="http://purl.org/dc/terms/" xmlns:xsi="http://www.w3.org/2001/XMLSchema-instance" xmlns:doc="http://www.lyncode.com/xoai" xsi:schemaLocation="http://www.loc.gov/MARC21/slim http://www.loc.gov/standards/marcxml/schema/MARC21slim.xsd">
   <leader>00925njm 22002777a 4500</leader>
   <datafield ind2=" " ind1=" " tag="042">
      <subfield code="a">dc</subfield>
   </datafield>
   <datafield ind2=" " ind1=" " tag="720">
      <subfield code="a">Mumin, Yazeed Abdul</subfield>
      <subfield code="e">author</subfield>
   </datafield>
   <datafield ind2=" " ind1=" " tag="720">
      <subfield code="a">Abdulai, Awudu</subfield>
      <subfield code="e">author</subfield>
   </datafield>
   <datafield ind2=" " ind1=" " tag="720">
      <subfield code="a">Goetz, Renan-Ulrich</subfield>
      <subfield code="e">author</subfield>
   </datafield>
   <datafield ind2=" " ind1=" " tag="260">
      <subfield code="c">2022-10-19</subfield>
   </datafield>
   <datafield ind2=" " ind1=" " tag="520">
      <subfield code="a">We use a detailed dataset to examine the impact of social networks, conditional on contextual and individual confounders, on farmers' adoption of competing improved soybean varieties in Ghana. Based on the contagion conceptual framework, we employ a spatial autoregressive multinomial probit model to examine how neighbours' varietal and cross-varietal adoption of improved varieties affect a farmer's adoption decision in the social network. Our results show that adoption decisions in a network tend to converge on one variety, such that beyond a threshold of adopting neighbours of that improved variety, the cross-varietal effects tend to lose significance in the network. If the shares of adopting neighbours of the improved varieties are equal, we find evidence that farmers are not more likely to adopt either improved variety compared to farmers with no neighbours who have adopted the improved varieties. The findings demonstrate the significance of neighbourhood effects in the adoption of competing technologies</subfield>
   </datafield>
   <datafield ind2=" " ind1=" " tag="520">
      <subfield code="a">Deutscher Akademischer Austauschdienst and Government of Ghana&#xd;
Agencia Española de Investigación (AEI). Grant Number: PID2020-118268RB&#xd;
Ministerio de Ciencia e Innovación (MCIN). Grant Number: 10.13039/501100011033/</subfield>
   </datafield>
   <datafield ind2=" " ind1=" " tag="520">
      <subfield code="a">Open Access funding provided thanks to the CRUE-CSIC agreement with Wiley</subfield>
   </datafield>
   <datafield ind1="8" ind2=" " tag="024">
      <subfield code="a">http://hdl.handle.net/10256/22120</subfield>
   </datafield>
   <datafield tag="653" ind2=" " ind1=" ">
      <subfield code="a">Agricultura -- Aspectes econòmics -- Ghana</subfield>
   </datafield>
   <datafield tag="653" ind2=" " ind1=" ">
      <subfield code="a">Agriculture -- Economic aspects -- Ghana</subfield>
   </datafield>
   <datafield tag="653" ind2=" " ind1=" ">
      <subfield code="a">Pagesos -- Xarxes socials -- Ghana</subfield>
   </datafield>
   <datafield tag="653" ind2=" " ind1=" ">
      <subfield code="a">Farmers -- Social networks -- Ghana</subfield>
   </datafield>
   <datafield ind2="0" ind1="0" tag="245">
      <subfield code="a">The role of social networks in the adoption of competing new technologies in Ghana</subfield>
   </datafield>
</record></metadata></record></GetRecord></OAI-PMH>